Derecho de familia y sucesiones

Detalles Bibliográficos
Autor principal: Přez Contreras, Mara̕ de Montserrat
Formato: eBook
Lenguaje:español
Publicado: [Mx̌ico] : Nostra Ediciones, 2010.
Materias:
Acceso en línea:Acceso restringido

MARC

LEADER 00000nam a22000007a 4500
005 20110830150733.0
008 110830t2010 mx ||||s|||| 001 0 spa d
020 |a 978-607-7603-47-4  
035 |a 5502 
040 |a vLex 
090 |c 2308  |d 2308 
100 1 |a Přez Contreras, Mara̕ de Montserrat 
245 1 0 |a Derecho de familia y sucesiones  |c Mara̕ de Montserrat Přez Contreras   |h [Recurso electrn̤ico] / 
256 |a Servico en ln̕ea 
260 |a [Mx̌ico] :  |b Nostra Ediciones,  |c 2010. 
500 |a En šte manual se realiza el estudio de las instituciones fundamentales del derecho de familia en materia de matrimonio, su rǧimen econm̤ico, concubinato, relaciones paterno filiales, parentesco e instituciones tutelares, as ̕como del derecho sucesorio en la legislacin̤ civil mexicana.  
506 1 |a Contenido solo disponible en los productos indicados  |d vLex Global  |d vLex Global (Academic Edition, excluding Law Schools)  |d vLex Global (U.S. Academic Edition, Law Schools)  |d vLex Global (U.S. Academic Edition, excluding Law Schools)  |d vLex Global (Academic Edition, Law Schools) 
650 0 4 |a Derecho de familia 
650 0 4 |a Herencias y sucesiones 
740 0 |a vLex Libros (Servicio en ln̕ea) 
856 4 0 |u http://vlex.com/source/derecho-familia-sucesiones-5502  |z Acceso restringido 
942 |c BOOK